000 00350 a2200157 4500
001 72031
020 _a
040 _cAnchieta - Colégio São Paulo
100 _aRodrigues, Amélia (Espírito)
240 1 0 _aO semeador
_lpor
245 1 0 _aO semeador
300 _a[14p.]
362 0 _a1996
650 4 _aLiteratura infanto-juvenil
942 _cBK
999 _c72031
_d72031